Modern air conditioning practice (Record no. 13058)

000 -LEADER
fixed length control field 00508nam a22002057a 4500
001 - CONTROL NUMBER
control field 13058
003 - CONTROL NUMBER IDENTIFIER
control field BD_DhUET
008 - FIXED-LENGTH DATA ELEMENTS--GENERAL INFORMATION
fixed length control field 150301b xxu||||| |||| 00| 0 eng d
020 ## - INTERNATIONAL STANDARD BOOK NUMBER
International Standard Book Number 0070268118
040 ## - CATALOGING SOURCE
Original cataloging agency DLC
Transcribing agency DLC
Modifying agency BD_DhUET
082 ## - DEWEY DECIMAL CLASSIFICATION NUMBER
Classification number 697.9
Item number HAR/1974
100 ## - MAIN ENTRY--PERSONAL NAME
Personal name Norman, C. Harris
245 ## - TITLE STATEMENT
Title Modern air conditioning practice
250 ## - EDITION STATEMENT
Edition statement 2nd ed.
260 ## - PUBLICATION, DISTRIBUTION, ETC. (IMPRINT)
Place of publication, distribution, etc. New York
Name of publisher, distributor, etc. McGraw Hill
Date of publication, distribution, etc. 1974
300 ## - PHYSICAL DESCRIPTION
Extent x, 483p.
Other physical details illus.
650 #0 - SUBJECT ADDED ENTRY--TOPICAL TERM
Topical term or geographic name as entry element Air conditioning
700 ## - ADDED ENTRY--PERSONAL NAME
Personal name Cade, F, David
942 ## - ADDED ENTRY ELEMENTS (KOHA)
Koha item type General Book
Holdings
Damaged status Sublocation or collection (holding branch) Koha date last seen Not for loan Lost status Koha item type Source of classification or shelving scheme Date acquired Copy number Withdrawn status Price effective from Location (home branch) Koha normalized classification for sorting Shelving location Piece designation (barcode) Koha full call number
 Central Library, BUET2015-03-01  General Book 2015-03-011 2015-03-01Central Library, BUET697_900000000000000_HAR_1974Circulation section46438697.9/HAR/1974